Основы инженерного консалтинга

Dades bibliogràfiques
Autor principal: Бирбраер Р. А. Радислав Александрович
Autor corporatiu: Академия народного хозяйства при Правительстве Российской Федерации
Altres autors: Альтшулер И. Г. Игорь Григорьевич
Sumari:Книга претендует на открытие новой области консультирования, находящейся на стыке науки и бизнеса, основанного на производстве. Эту область авторы назвали инженерным консалтингом. В большей степени они опираются на опыт, накопленный при решении проблем машиностроительного производства, но предложенные подходы справедливы и для других отраслей промышленности. В книге, по существу, впервые систематизированы основы инженерного консалтинга, поэтому ссылок на соответствующие первоисточники в тексте книги мало. Авторы очень надеются на широкий интерес к новому направлению, так как уверены, что стремление активно воздействовать на совершенствование процессов производства является основой для достижения успеха в бизнесе предприятия. Во втором, расширенном издании книга дополнена методологическими положениями инженерного консалтинга, связанными с новыми рыночными тенденциями в развитии машиностроения. Книга адресована руководителям и менеджерам машиностроительных предприятий, потенциальным инвесторам, консультантам, аналитикам и журналистам, а также студентам технических и управленческих вузов.
Idioma:rus
Publicat: Москва, Дело, 2007
Edició:2-е изд.
Matèries:
Format: MixedMaterials Llibre
KOHA link:https://koha.lib.tpu.ru/cgi-bin/koha/opac-detail.pl?biblionumber=153537

MARC

LEADER 00000nam0a2200000 4500
001 153537
005 20231101221710.0
010 |a 9785774904853 
035 |a (RuTPU)RU\TPU\book\166566 
035 |a RU\TPU\book\83075 
090 |a 153537 
100 |a 20050523d2007 km y0rusy50 ca 
101 0 |a rus 
102 |a RU 
105 |a a z 001zy 
200 1 |a Основы инженерного консалтинга  |f Р. А. Бирбраер, И. Г. Альтшулер  |g Академия народного хозяйства при Правительстве Российской Федерации 
205 |a 2-е изд. 
210 |a Москва  |c Дело  |d 2007 
215 |a 232 с.  |c ил.  |e CD-ROM 
320 |a Литература: с. 227-231. 
330 |a Книга претендует на открытие новой области консультирования, находящейся на стыке науки и бизнеса, основанного на производстве. Эту область авторы назвали инженерным консалтингом. В большей степени они опираются на опыт, накопленный при решении проблем машиностроительного производства, но предложенные подходы справедливы и для других отраслей промышленности. В книге, по существу, впервые систематизированы основы инженерного консалтинга, поэтому ссылок на соответствующие первоисточники в тексте книги мало. Авторы очень надеются на широкий интерес к новому направлению, так как уверены, что стремление активно воздействовать на совершенствование процессов производства является основой для достижения успеха в бизнесе предприятия. Во втором, расширенном издании книга дополнена методологическими положениями инженерного консалтинга, связанными с новыми рыночными тенденциями в развитии машиностроения. Книга адресована руководителям и менеджерам машиностроительных предприятий, потенциальным инвесторам, консультантам, аналитикам и журналистам, а также студентам технических и управленческих вузов. 
606 0 |a Машиностроительная промышленность, предприятия  |x Управление  |2 RuMRKP 
606 0 |a Консалтинг  |2 RuMRKP 
606 1 |a Консалтинг(управленческое консультирование)  |2 stltpush  |3 (RuTPU)RU\TPU\subj\27889 
606 0 |a Машиностроительная промышленность, предприятия  |x Управление  |2 RuMRKP 
606 1 |a Машиностроительные заводы  |x Управление  |2 stltpush  |3 (RuTPU)RU\TPU\subj\41616  |9 61404 
610 1 |a экономика 
610 1 |a управление 
610 1 |a инженерный консалтинг 
610 1 |a консультирование 
610 1 |a машиностроение 
610 1 |a производство 
610 1 |a техническая подготовка 
610 1 |a наука 
610 1 |a бизнес 
675 |a 621.002:658.5  |v 3 
686 |a У9(2)212  |v LBC/SL-A  |2 rubbk 
700 1 |a Бирбраер  |b Р. А.  |g Радислав Александрович 
701 1 |a Альтшулер  |b И. Г.  |g Игорь Григорьевич 
712 0 2 |a Академия народного хозяйства при Правительстве Российской Федерации  |2 stltpush  |3 (RuTPU)RU\TPU\col\415 
801 1 |a RU  |b 63413507  |c 20090213  |g PSBO 
801 2 |a RU  |b 63413507  |c 20151118  |g PSBO 
900 |a Консалтинг при автоматизации предприятий 
900 |a Управленческое консультирование 
942 |c BK 
959 |a 26/20090213  |d 2  |e 690,00  |f АНЛ:1  |f ЧЗТЛ:1